"Más utat nem választhattam..."
Elmentve itt :
| Szerző: | |
|---|---|
| Dokumentumtípus: | Cikk |
| Megjelent: |
1987-01-20
|
| Sorozat: | Délmagyarország
77 No. 16 |
| Kulcsszavak: | Korom István, Építőipari Szövetkezet |
| Online Access: | http://dmarchiv.bibl.u-szeged.hu/96196 |
| LEADER | 00479nab a2200157 i 4500 | ||
|---|---|---|---|
| 001 | delm96196 | ||
| 005 | 20190919094638.0 | ||
| 008 | 190919s1987 hu o 0|| hun d | ||
| 040 | |a SZTE Délmagyarország Archívum |b hun | ||
| 041 | |a hun | ||
| 100 | 1 | |a Bátyi Zoltán | |
| 245 | 1 | 0 | |a "Más utat nem választhattam..." |h [elektronikus dokumentum] / |c Bátyi Zoltán |
| 260 | |c 1987-01-20 | ||
| 300 | |a 5 | ||
| 490 | 0 | |a Délmagyarország |v 77 No. 16 | |
| 695 | |a Korom István, Építőipari Szövetkezet | ||